Financial data analytics with machine learning optmization and statistics / (Record no. 52597)

MARC details
000 -LEADER
fixed length control field 00643nam a2200241Ia 4500
005 - DATE AND TIME OF LATEST TRANSACTION
control field 20260429112140.0
008 - FIXED-LENGTH DATA ELEMENTS--GENERAL INFORMATION
fixed length control field 260429s9999||||xx |||||||||||||| ||und||
020 ## - INTERNATIONAL STANDARD BOOK NUMBER
International Standard Book Number 9781119863373
041 ## - LANGUAGE CODE
Language English
082 ## - DEWEY DECIMAL CLASSIFICATION NUMBER
Classification number 332.6
Item number CHE
100 ## - MAIN ENTRY--PERSONAL NAME
Personal name Chen, Sam
245 #0 - TITLE STATEMENT
Title Financial data analytics with machine learning optmization and statistics /
Statement of responsibility, etc Sam Chen
250 ## - EDITION STATEMENT
Edition statement 1st ed.
260 ## - PUBLICATION, DISTRIBUTION, ETC. (IMPRINT)
Place of publication, distribution, etc USA :
Name of publisher, distributor, etc Wiley,
Date of publication, distribution, etc 2025.
300 ## - PHYSICAL DESCRIPTION
Extent xxvi, 784 p.; hb
650 ## - SUBJECT ADDED ENTRY--TOPICAL TERM
Topical term or geographic name as entry element Finance
650 ## - SUBJECT ADDED ENTRY--TOPICAL TERM
Topical term or geographic name as entry element Machine learning
650 ## - SUBJECT ADDED ENTRY--TOPICAL TERM
Topical term or geographic name as entry element Data analytics
700 ## - ADDED ENTRY--PERSONAL NAME
Personal name Cheung, Ka Chun
700 ## - ADDED ENTRY--PERSONAL NAME
Personal name Fan, Kaiser
700 ## - ADDED ENTRY--PERSONAL NAME
Personal name Yam, Phillip
942 ## - ADDED ENTRY ELEMENTS (KOHA)
Koha item type Text Books
Holdings
Withdrawn status Lost status Damaged status Not for loan Collection code Home library Location Shelving location Date of Cataloging Source of acquisition Total Checkouts Full call number Barcode Date last seen Price effective from Koha item type
        Non-fiction CUTN Central Library CUTN Central Library Social Sciences 29/04/2026 TBH Library Book Suppliers, Chennai - Invoice No. SINV00733 on 09-02-2026   332.6 CHE 57700 29/04/2026 29/04/2026 Text Books